A nagyszombati hegykép története

Bibliographic Details
Main Author: Kováč, Miroslav (Author)
Format: Article
Language:Hungarian
PhysicalDescription:Obr.1
Subjects:

MARC

LEADER 00000nab a2200000 a 4500
001 vtls000487837
003 SK-MaSNL
005 20260319074120.0
008 120927c1992 xo 0 hun
015 |a SNBRB19rr/mm-uuuuu 
035 |a CL0487974 
040 |a SNKBUCL  |b slo  |c SNKBUCL  |e AACR2 
041 0 |a hun 
044 |a xo  |c SK 
080 |a 247.5(091)  |2 1981 
100 1 |a Kováč, Miroslav  |4 aut  |9 303327 
245 1 0 |a A nagyszombati hegykép története  |c Miroslav Kováč 
300 |b Obr.1 
610 2 7 |a Bazilika sv. Mikuláša (Trnava, Slovensko)  |2 snkbucl  |9 173500 
650 0 7 |a obrazy pietne  |2 snkbucl  |9 983054 
651 7 |a Trnava (Slovensko)  |2 snkbucl  |9 19407 
655 7 |a články z novín a časopisov  |2 snkbucl  |9 267496 
773 0 |t Remény  |g Roč. 3, č. 46 (1992), s. 5 
850 |a Slovenská národná knižnica v Martine  |a MTA001 
852 |a SNK  |b KIS3GCP 
958 |a RK 
992 |a RBX 
999 |c 1576821  |d 1578751